| 000 | 01584cam a22003614a 4500 | ||
|---|---|---|---|
| 999 |
_c25427 _d25427 |
||
| 001 | 16615517 | ||
| 005 | 20170131120120.0 | ||
| 008 | 110119s2011 ncua bc 000 0 eng | ||
| 010 | _a 2011002790 | ||
| 020 | _a9780983194200 (pbk.) | ||
| 020 | _a0983194203 (pbk.) | ||
| 040 |
_aDLC _cDLC _dDLC |
||
| 042 | _apcc | ||
| 043 | _an-us--- | ||
| 050 | 0 | 0 |
_aNK7198 _b .N64A4 2011 |
| 100 | 1 | _aNoffke, Gary. | |
| 245 | 1 | 0 |
_aAttitude and alchemy : _bthe metalwork of Gary Lee Noffke / _cedited by Allie Farlowe ; with an essay by Jeannine Falino. |
| 246 | 3 | 0 | _aMetalwork of Gary Lee Noffke |
| 260 |
_a[Charlotte, N.C.] : _bMint Museum of Craft + Design, _c2011. |
||
| 300 |
_a140 p. : _bcol. ill. ; _c28 cm. |
||
| 504 | _aIncludes bibliographical references. | ||
| 600 | 1 | 0 |
_aNoffke, Gary _vExhibitions. |
| 650 | 0 |
_aMetal-work _zUnited States _xHistory _y20th century _vExhibitions. |
|
| 650 | 0 |
_aMetal-work _zUnited States _xHistory _y21st century _vExhibitions. |
|
| 700 | 1 | _aFarlowe, Allie. | |
| 700 | 1 | _aFalino, Jeannine J. | |
| 710 | 2 | _aMint Museum of Craft + Design. | |
| 942 |
_2lcc _cBOOKS _hNK7198 .N64A4 2011 |
||